| 000 | 00745nam a22002172 4500 | ||
|---|---|---|---|
| 001 | 0000023788 | ||
| 005 | 20151217152248.0 | ||
| 008 | 130325s xx 000 0 eng d | ||
| 020 | _a0821320920 : | ||
| 040 |
_aKABU _cKABU |
||
| 100 | 1 |
_aFarvacque, Catherine. _@0000183497 |
|
| 245 | 1 | 0 |
_aReforming urban land policies and institutions in developing countries / _cCatherine Farvacque, Patrick McAuslain. |
| 250 | _a1st ed. | ||
| 260 |
_aWashington, D. C. : _bWorld Bank, _c1992. |
||
| 300 | _axvii, 113 p. | ||
| 650 | 0 |
_aLand use _xGovernment policy _zDeveloping countries. _@0000161835 |
|
| 700 | 1 |
_aMcAuslain, Patrick. _@0000183498 |
|
| 852 | 1 | _9p1100 KES | |
| 908 | _a130325 | ||
| 950 | _@1 | ||
| 999 |
_c9972 _d9972 |
||